Resident Evil - Jeux - Statistiques

Statistiques générales
  • Ce quiz a été pris 34 fois
  • Le résultat moyen est 8 sur 13
Statistiques - réponses
Année Jeu vidéo % Correct
1996 Resident Evil
100%
1998 Resident Evil 2
93%
2005 Resident Evil 4
89%
2009 Resident Evil 5
82%
2012 Resident Evil 6
79%
2021 Resident Evil Village
79%
2026 Resident Evil Requiem
71%
2000 Resident Evil: Code Veronica
46%
2012 Resident Evil: Revelations
29%
1999 Resident Evil 3: Nemesis
25%
2017 Resident Evil 7: Biohazard
25%
2015 Resident Evil: Revelations 2
21%
2002 Resident Evil Zero
14%
Aucun quiz correspondant
Distribution des résultats
% des personnes avec chaque résultat
Percentile par nombre de réponses
Votre historique - résultats
Vous n’avez pas pris ce quiz